000 00263cam a22000977a 4500
008 180718b1966 xxu||||| |||| 00| 0 eng d
082 _aG93203x42 Un3b/1966
245 _aCriminal law bill as amended in committee
260 _aLondon
_bH.M.S.O.
_c1966
300 _a31+p
999 _c491324
_d491324